000 00259nam a22001217a 4500
008 170224b xxu||||| |||| 00| 0 eng d
041 _aeng
080 _a617
100 _a5
101 _aSHS
245 _aATLAS PEDIATRIC SURGERY
_cWHITE.R.R
942 _2udc
_cBK
999 _c6190
_d6190